000 00471nam a2200181Ia 4500
003 GCL
005 20240530104551.0
008 140319s9999 xx 000 0 ara d
040 _aGCL /
_cGCL
082 0 4 _aد
_b050
100 1 _aمصطفى محمود
245 1 0 _a55 مشكلة حب (اقرا 264 ) /
_cمصطفى محمود
300 _a140
490 _aاقرأ
_v0
650 0 4 _aالمقالات العربية
650 0 4 _aالعواطف
942 _2ddc
_cBK
999 _c48739
_d48739